|
|
|
|
| LEADER |
00768nam a2200241 a 4500 |
| 001 |
000985143 |
| 003 |
CZ BrMZK |
| 005 |
20180720150854.0 |
| 007 |
ta |
| 008 |
010825s1987 gw f 000 0 ger d |
| 020 |
|
|
|a 3-10-091026-5
|
| 040 |
|
|
|a BOA001
|b cze
|
| 100 |
1 |
|
|a Jungk, Peter Stephan,
|d 1952-
|7 jn20020118006
|4 aut
|
| 245 |
1 |
0 |
|a Franz Werfel :
|b eine Lebensgeschichte /
|c Peter Stephan Jungk
|
| 250 |
|
|
|a 2. Aufl.
|
| 260 |
|
|
|a Frankfurt am Main :
|b S. Fischer,
|c 1987
|
| 300 |
|
|
|a 452 s.
|
| 653 |
|
|
|a Werfel, Franz 1890-1945
|
| 653 |
|
|
|a literární věda
|
| 910 |
|
|
|a BOA001
|b RK-0002.061
|
| 990 |
|
|
|a BK
|
| 991 |
|
|
|z 000011315
|x 33
|
| 996 |
7 |
|
|b 261A003535
|c RK-0002.061
|l Rakouská knihovna/2.patro
|r ZHR
|n 29
|p {1-LW-02.061}
|h LW-wer
|w 000985143
|u 000010
|a 0
|e BOA001
|j MZK50
|s A
|